000 00514nam a22001817a 4500
999 _c157876
_d157876
005 20181006151524.0
010 _aENG-124198
020 _a9789386702005
_c399.00
035 _aEN-107730
037 _bDABD/PUB
082 _aN
100 _aAlter, Stephen
245 _aGuldaar warlord of the hindu kush:
_cby Stephen Alter
_ba novel /
260 _aNew Delhi
_bSpeaking Tiger
_c2016
270 _a4381/4 Ansari Road, Daryaganj,
_bNew Delhi
_e10002
300 _a339p.
_c21cm(pbk)
942 _2ddc
_cEN
_mALT
_hN